| 000 | 00667cam a22002291 4500 | ||
|---|---|---|---|
| 001 | ne 62001395 | ||
| 003 | DLC | ||
| 005 | 20260227111737.0 | ||
| 008 | 900625s1961 ua 000 0 ararc | ||
| 010 | _ane 62001395 | ||
| 025 | _aPL480:UAR-391 | ||
| 035 | _a(OCoLC)21916078 | ||
| 040 |
_aPrinceton Univ. Libr. _cWaU _dDLC |
||
| 042 | _apremarc | ||
| 050 | 0 | 0 |
_aPJ7858.A2 _bT8 |
| 100 | 1 | _aQabbānī, Nizār. | |
| 245 | 1 | 0 |
_aṬufūlat nahd _c[taʼlīf] Nizār Qabbānī. |
| 250 | _aal-Ṭabʻah al-khāmisah. | ||
| 260 |
_a[Bayrūt, _bal-Maktabah al-Tijārī lil-Ṭibāʻah wa-al-Tawzīʻ wa-al-Nashr] _c1961. |
||
| 300 |
_a182 p. _c17 cm. |
||
| 500 | _aPoems. | ||
| 999 |
_c45269 _d45269 |
||